000 00799nam a22002177a 4500
999 _c1037
_d1037
003 AR-CdUCM
008 190226b ||||| |||| 00| 0 spa d
040 _aMUNICIPALIDAD PROVINCIAL DEL CUSCO
_cBIBLIOTECA MUNICIPAL DEL CUSCO
082 _a348.3 /
_bG22
100 _aGarcia Montufar, Guillermo
_94034
245 _aApuntes de Derecho Minero Común /
260 _aPerú :
_bEdit.Cultural Cuzco SA,
_c1989.
300 _a557 paginas ;
_c21 cm.
505 _aYacimiento mineral -- Industria minera --Derecho minero --Historia de la legislación minera peruana --Ámbito de la ley general de minería ...
650 _aDerecho minero
_94035
650 _a Legislación
_94036
650 _aRecursos minerales
_94037
650 _aEstado
_9738
942 _2ddc
_cLIBROS
945 _arjall
_d2019-02-26